[Event "Steinfurt Bezirksklasse 0405"]
[White "Bloemker, Martin"]
[Black "Engfer, Klaus"]
[Site "Germany"]
[Round "7.2"]
[Result "0-1"]
[Date "2005.02.19"]
[WhiteElo "1341"]
[BlackElo "1623"]
[PlyCount "60"]
[EventDate "2004.09.18"]
[EventType "team-tourn"]
[EventRounds "11"]
[EventCountry "GER"]
[SourceTitle "EXT 2006"]
[Source "ChessBase"]
[SourceDate "2005.11.24"]
[SourceVersion "1"]
[SourceVersionDate "2005.11.24"]
[SourceQuality "1"]
[WhiteTeam "Steinfurt IV"]
[BlackTeam "Rheine CC"]
[WhiteTeamCountry "GER"]
[BlackTeamCountry "GER"]

1. Nf3 Nc6 2. g3 e5 3. Bg2 e4 4. Nh4 d5 5. d3 g5 6. dxe4 gxh4 7. exd5 Nce7 8. Bf4 Ng6 9. Be3 h3 10. Bf3 Nf6 11. Bg5 Bg7 12. Qd2 0-0 13. Nc3 Qd6 14. e4 Ne5 15. Be2 Qb4 16. Bxf6 Bxf6 17. 0-0-0 Ng4 18. Bxg4 Bxg4 19. Rde1 Bxc3 20. Qg5+ Bg7 21. Qxg4 Qxb2+ 22. Kd2 Rad8 23. Rb1 Qd4+ 24. Ke2 Rxd5 25. Rhd1 Qc4+ 26. Ke1 Rxd1+ 27. Rxd1 Re8 28. f3 Qxc2 29. Qg5 h6 30. Rd2 Qc1+ 0-1

[Event "Steinfurt Bezirksklasse 0405"]
[White "Bloemker, Martin"]
[Black "Kumpmann, Ulrich"]
[Site "Germany"]
[Round "5.2"]
[Result "1/2-1/2"]
[Date "2004.12.04"]
[WhiteElo "1341"]
[BlackElo "1513"]
[PlyCount "74"]
[EventDate "2004.09.18"]
[EventType "team-tourn"]
[EventRounds "11"]
[EventCountry "GER"]
[SourceTitle "EXT 2006"]
[Source "ChessBase"]
[SourceDate "2005.11.24"]
[SourceVersion "1"]
[SourceVersionDate "2005.11.24"]
[SourceQuality "1"]
[WhiteTeam "Steinfurt IV"]
[BlackTeam "Nordwalde III"]
[WhiteTeamCountry "GER"]
[BlackTeamCountry "GER"]

1. Nf3 Nc6 2. c4 e5 3. d3 Nf6 4. g3 d6 5. Bg2 Bg4 6. Qb3 h6 7. Qxb7 Bd7 8. Nxe5 Nd4 9. Na3 Rb8 10. Nxf7 Kxf7 11. Qxa7 c5 12. e3 Ne6 13. Nb5 Be7 14. Qa4 Nc7 15. Qb3 Nxb5 16. cxb5+ Be6 17. Qa4 Rf8 18. Bc6 Kg8 19. 0-0 Bh3 20. Qb3+ Kh8 21. Bg2 Bxg2 22. Kxg2 Qd7 23. a4 Qb7+ 24. Kg1 Qd7 25. Kg2 Qe8 26. Qc4 Qh5 27. f3 Nd7 28. Qe6 Qe8 29. Bd2 Rf6 30. Qc4 Ne5 31. Qc2 Qf8 32. f4 Ng6 33. b4 Qc8 34. Rfc1 Qg4 35. Bc3 Nh4+ 36. Kg1 Re6 37. Qf2 Rf8 1/2-1/2